French speaking countries - Statistics

General Stats
  • This quiz has been taken 315 times
  • The average score is 20 of 29
Answer Stats
Answer % Correct
France
99%
Belgium
85%
Switzerland
82%
Canada
80%
Democratic Republic of the Congo
77%
Republic of the Congo
76%
Senegal
76%
Mali
75%
Cote d'Ivoire
73%
Niger
73%
Luxembourg
72%
Cameroon
70%
Chad
70%
Guinea
70%
Monaco
70%
Benin
69%
Togo
68%
Haiti
67%
Burkina Faso
66%
Gabon
63%
Madagascar
59%
Rwanda
59%
Burundi
57%
Central African Republic
54%
Djibouti
54%
Seychelles
54%
Comoros
52%
Equatorial Guinea
43%
Vanuatu
39%
No matching quizzes found
Score Distribution
Percent of People with Each Score
Percentile by Number Answered
Your Score History
You have not taken this quiz